m e c z | Wynik • | % Poprawnych |
---|---|---|
Wisła Płock - Włókniarz Konstantynów Łódzki | 1:3 | 94%
|
Wisła Płock - Piątnica | 2:2 | 81%
|
Zamłynie Radom - Wisła Płock | 2:2 | 81%
|
Wisła Płock - MUKS Tomaszów Mazowiecki | 3:1 | 81%
|
Jantar Ostrołęka - Wisła Płock • | 0:1 | 69%
|
Wisła Płock - PTC Pabianice | 3:2 | 69%
|
WAP Warszawa - Wisła Płock | 2:3 | 63%
|
Zły Warszawa - Wisła Płock | 4:1 | 56%
|
Ekosport Białystok - Wisła Płock | 0:6 | 44%
|
Wisła Płock - Stomilanki Olsztyn | 4:0 | 44%
|
Wisła Płock - Astoria Szczerców | 11:0 | 19%
|
Prawa autorskie należą do H Brothers Inc., 2008–2024
Kontakt | Przewiń w górę | Wersja na telefon